|
|
|
|
| LEADER |
00000naa2a2200000 4500 |
| 001 |
192609 |
| 005 |
20260123130048.0 |
| 035 |
|
|
|a (RuTPU)RU\TPU\book\210028
|
| 090 |
|
|
|a 192609
|
| 100 |
|
|
|a 20110304d2010 k y0rusy50 ca
|
| 101 |
0 |
|
|a rus
|
| 102 |
|
|
|a RU
|
| 200 |
1 |
|
|a Расчёт напряжений в резьбовых соединениях штанг при вращательно-ударном бурении подземных скважин малого диаметра
|f А. Л. Саруев
|g науч. рук. В. Г. Лукьянов
|
| 320 |
|
|
|a Библиогр.: 2 назв.
|
| 461 |
|
1 |
|0 (RuTPU)RU\TPU\book\205901
|t Проблемы геологии и освоения недр
|o труды XIV Международного симпозиума имени академика М. А. Усова студентов и молодых ученых, посвященного 65-летию Победы советского народа над фашистской Германией в Великой Отечественной войне 1941-1945 гг., 5-9 апреля 2010 г. г. Томск
|o в 2 т.
|f Томский политехнический университет (ТПУ), Институт геологии и нефтегазового дела (ИГНД) ; под ред. В. А. Домаренко
|d 2010
|
| 463 |
|
1 |
|0 (RuTPU)RU\TPU\book\205109
|y 978-5-98298-731-0
|t Т. 2
|v С. 323-324
|d 2010
|
| 610 |
1 |
|
|a бурение
|
| 610 |
1 |
|
|a напряжение
|
| 610 |
1 |
|
|a расчёт
|
| 610 |
1 |
|
|a резьбовые соединения
|
| 610 |
1 |
|
|a подземные скважины
|
| 610 |
1 |
|
|a скважины малого диаметра
|
| 610 |
1 |
|
|a вращательно-ударное бурение
|
| 610 |
1 |
|
|a труды учёных ТПУ
|
| 700 |
|
1 |
|a Саруев
|b А. Л.
|c специалист в области нефтегазового дела
|c доцент Томского политехнического университета, кандидат технических наук
|f 1974-
|g Алексей Львович
|3 (RuTPU)RU\TPU\pers\26166
|9 11975
|
| 702 |
|
1 |
|a Лукьянов
|b В. Г.
|c горный инженер
|c профессор Томского политехнического университета, доктор технических наук
|f 1930-
|g Виктор Григорьевич
|4 727
|
| 801 |
|
1 |
|a RU
|b 63413507
|c 20110304
|
| 801 |
|
2 |
|a RU
|b 63413507
|c 20160607
|g RCR
|
| 942 |
|
|
|c BK
|